| 000 | 00590nam a22002417a 4500 | ||
|---|---|---|---|
| 003 | UA-OsUOA | ||
| 001 | 20453 | ||
| 007 | ta | ||
| 008 | 20031029b un ||||| |||| 00| 0 ukr d | ||
| 100 | _aАгаханянц О.Е. | ||
| 090 |
_a911.2:581.9 _bА23 |
||
| 942 | _cBK | ||
| 040 |
_aUA-OsUOA _brus _cUA-OsUOA _dUA-OsUOA |
||
| 245 | _aЗа растениями по горам Средней Азии | ||
| 300 | _a157 с. | ||
| 955 | _a0 | ||
| 041 | _arus | ||
| 080 | _a911.2:581.9 | ||
| 260 |
_aМосква _bМысль _c1972 |
||
| 044 | _aRU | ||
| 650 | 7 | _2UDC | |
| 999 |
_c306630 _d306630 |
||